<?xml version="1.0" encoding="UTF-8"?>
<record
    xmlns:xsi="http://www.w3.org/2001/XMLSchema-instance"
    xsi:schemaLocation="http://www.loc.gov/MARC21/slim http://www.loc.gov/standards/marcxml/schema/MARC21slim.xsd"
    xmlns="http://www.loc.gov/MARC21/slim">

  <leader>02312nam a2200253 u 4500</leader>
  <controlfield tag="001">4876</controlfield>
  <controlfield tag="005">20260428104347.0</controlfield>
  <controlfield tag="008">950922s1994                        spa  </controlfield>
  <datafield tag="020" ind1=" " ind2=" ">
    <subfield code="a">9589127584</subfield>
  </datafield>
  <datafield tag="035" ind1=" " ind2=" ">
    <subfield code="a">4876</subfield>
  </datafield>
  <datafield tag="035" ind1=" " ind2=" ">
    <subfield code="a">(OCoLC)778119843</subfield>
  </datafield>
  <datafield tag="040" ind1=" " ind2=" ">
    <subfield code="c">comduadb</subfield>
  </datafield>
  <datafield tag="041" ind1=" " ind2=" ">
    <subfield code="a">spa</subfield>
  </datafield>
  <datafield tag="080" ind1=" " ind2=" ">
    <subfield code="a">C/</subfield>
  </datafield>
  <datafield tag="100" ind1="1" ind2="0">
    <subfield code="a">Gonz&#xE1;lez, Fernando,</subfield>
    <subfield code="d"> 1895-1964</subfield>
    <subfield code="4">aut</subfield>
    <subfield code="0">(isni)000000011494924</subfield>
    <subfield code="0">(viaf)87363343</subfield>
    <subfield code="e">aut</subfield>
    <subfield code="9">568674</subfield>
  </datafield>
  <datafield tag="245" ind1="1" ind2="0">
    <subfield code="a">Don Mir&#xF3;cletes</subfield>
  </datafield>
  <datafield tag="250" ind1=" " ind2=" ">
    <subfield code="a">3. edici&#xF3;n</subfield>
  </datafield>
  <datafield tag="260" ind1=" " ind2=" ">
    <subfield code="a">Medell&#xED;n :</subfield>
    <subfield code="b">Universidad Pontificia Bolivariana,</subfield>
    <subfield code="c">1994.</subfield>
  </datafield>
  <datafield tag="300" ind1=" " ind2=" ">
    <subfield code="a">167 p&#xE1;ginas</subfield>
  </datafield>
  <datafield tag="505" ind1=" " ind2=" ">
    <subfield code="a">CONTENIDO : Dos palabras. -- Don Mirocletes. -- L&#xED;neas autobiogr&#xE1;ficas. -- Conferencia en Bogot&#xE1;. -- Infancia de Fern&#xE1;ndez. -- Don Mir&#xF3;cletes Fern&#xE1;ndez. -- El seminario. -- Abrahan Urquijo. -- Un comentario psicol&#xF3;gico de Manuel Fern&#xE1;ndez. -- Ponce de Le&#xF3;n. - La muerte de Tobias. - La muerte de don Mir&#xF3;cletes. - El arzobispo, etc. -- Tres d&#xED;as antes del viaje a Venezuela. -- Conferencia en Salamina. -- Conferencia en Aguadas. -- Conferencia en Aranzazu. -- Agon&#xED;a de Epaminondas. -- Introducci&#xF3;n. -- El perro de Jorge. -- La agon&#xED;a.</subfield>
  </datafield>
  <datafield tag="520" ind1="3" ind2=" ">
    <subfield code="a">RESUMEN : La novela Don Mir&#xF3;cletes, dedicada &#xAB;a las ceibas de la plaza de Envigado&#xBB;, recordando as&#xED; su lugar de origen. Su lectura fue prohibida por el arzobispo de Medell&#xED;n bajo pena de cometer pecado mortal. En esta novela se separa la conciencia moral de la fisiol&#xF3;gica encarnada en el personaje Manuelito Fern&#xE1;ndez. Todo en la obra lleva a ese clima interior. Se empieza a patentizar el existencialismo del autor, el cual luego ampliar&#xE1; en Salom&#xE9; y en El remordimiento, cuando los personajes manifiestan que cada hombre es un comienzo que marcha irremediablemente hacia la tumba. La angustia que genera esta realidad y, de paso, el miedo que ellos experimentan ante la muerte, son posiblemente una explicaci&#xF3;n de la espiritualidad que se evidencia en las obras y la notoria inclinaci&#xF3;n del autor hacia la religiosidad, el volcarse hacia su interior para autoanalizarse en la b&#xFA;squeda de la verdad que todos llevamos dentro. Otro tema es el de los m&#xE9;todos que utiliza el personaje para lograr la perfecci&#xF3;n. Estos aparecen en otras obras, y especialmente en El maestro de escuela.</subfield>
  </datafield>
  <datafield tag="650" ind1=" " ind2="7">
    <subfield code="a">Novela colombiana</subfield>
    <subfield code="2">lemb</subfield>
    <subfield code="9">5592</subfield>
  </datafield>
  <datafield tag="942" ind1=" " ind2=" ">
    <subfield code="c">BOOK</subfield>
  </datafield>
  <datafield tag="999" ind1=" " ind2=" ">
    <subfield code="c">4147</subfield>
    <subfield code="d">4147</subfield>
  </datafield>
  <datafield tag="952" ind1=" " ind2=" ">
    <subfield code="0">0</subfield>
    <subfield code="1">0</subfield>
    <subfield code="4">0</subfield>
    <subfield code="7">0</subfield>
    <subfield code="8">LILAT</subfield>
    <subfield code="a">BC</subfield>
    <subfield code="b">BC</subfield>
    <subfield code="d">1997-08-19</subfield>
    <subfield code="i">C5882</subfield>
    <subfield code="l">0</subfield>
    <subfield code="o">C864 G643dm</subfield>
    <subfield code="p">61000001736822</subfield>
    <subfield code="r">2025-09-29 20:02:21</subfield>
    <subfield code="t">1</subfield>
    <subfield code="w">2023-04-20</subfield>
    <subfield code="y">BOOK</subfield>
  </datafield>
  <datafield tag="952" ind1=" " ind2=" ">
    <subfield code="0">0</subfield>
    <subfield code="1">0</subfield>
    <subfield code="4">0</subfield>
    <subfield code="7">0</subfield>
    <subfield code="8">LITERATURA</subfield>
    <subfield code="a">SCDM</subfield>
    <subfield code="b">SCDM</subfield>
    <subfield code="d">2008-05-07</subfield>
    <subfield code="i">C1000340</subfield>
    <subfield code="l">0</subfield>
    <subfield code="o">C864 G643d</subfield>
    <subfield code="p">6-10000003280468</subfield>
    <subfield code="r">2023-10-12 00:00:00</subfield>
    <subfield code="t">2</subfield>
    <subfield code="w">2023-04-20</subfield>
    <subfield code="y">BOOK</subfield>
  </datafield>
  <datafield tag="952" ind1=" " ind2=" ">
    <subfield code="0">0</subfield>
    <subfield code="1">0</subfield>
    <subfield code="2">ddc</subfield>
    <subfield code="4">0</subfield>
    <subfield code="7">0</subfield>
    <subfield code="8">LITERATURA</subfield>
    <subfield code="a">CARME</subfield>
    <subfield code="b">CARME</subfield>
    <subfield code="d">2023-02-21</subfield>
    <subfield code="e">Material adquirido por donaci&#xF3;n</subfield>
    <subfield code="f">DONA</subfield>
    <subfield code="g">30000.00</subfield>
    <subfield code="i">C13331288</subfield>
    <subfield code="l">0</subfield>
    <subfield code="o">C864 G643d</subfield>
    <subfield code="p">01088837</subfield>
    <subfield code="r">2023-04-20 00:00:00</subfield>
    <subfield code="t">3</subfield>
    <subfield code="w">2023-04-20</subfield>
    <subfield code="y">BOOK</subfield>
  </datafield>
</record>
